Modern Talking - all songs - Statistics

General Stats
  • This quiz has been taken 65 times
  • The average score is 73 of 176
Answer Stats
Album Song % Correct
Ready For Romance | The Final Album: The Ultimate Best Of Brother Louie
100%
Back For Good | The Final Album: The Ultimate Best Of Brother Louie' 98
97%
Let's Talk About Love Cheri cheri lady
97%
The Final Album: The Ultimate Best Of Cheri, cheri lady
97%
Back For Good Cheri, cheri lady' 98
97%
The 1st Album | The Final Album: The Ultimate Best Of You're my heart, you're my soul
97%
Back For Good | The Final Album: The Ultimate Best Of You're my heart, you're my soul' 98
97%
Back For Good You're my heart, you're my soul' 98 ft. Eric Singleton
97%
Ready For Romance Atlantis is calling (S.O.S for love)
91%
In The Middle Of Nowhere Geronimo's Cadillac
91%
The Final Album: The Ultimate Best Of Geronimo's Cadillac
81%
Back For Good Geronimo's cadillac' 98
81%
The 1st Album | The Final Album: The Ultimate Best Of You can win if you want
81%
Back For Good You can win if you want' 98
81%
Back For Good You can win if you want mix' 84
81%
Back For Good Atlantis is calling' 98
75%
The Final Album: The Ultimate Best Of Atlantis is calling (S.O.S. for love)
75%
In The Garden Of Venus | The Final Album: The Ultimate Best Of In 100 years
75%
Back For Good In 100 years' 98
75%
In The Garden Of Venus In 100 years (reprise)
75%
The 1st Album Lucky guy
72%
Ready For Romance Hey you
69%
Romantic Warriors | The Final Album: The Ultimate Best Of Jet airliner
69%
Back For Good Jet airliner' 98
69%
Let's Talk About Love Let's talk about love
69%
The 1st Album Do you wanna
66%
Let's Talk About Love Heaven will know
66%
Ready For Romance Just we two (Mona Lisa)
66%
Ready For Romance Lady lai
66%
Back For Good Lady lai' 98
66%
Romantic Warriors Romantic warriors
66%
Alone | The Final Album: The Ultimate Best Of Sexy, sexy lover
66%
The 1st Album Bells of Paris
63%
The 1st Album Diamonds never made a lady
63%
Ready For Romance Doctor for my heart
63%
The 1st Album There's too much blue in missing you
63%
Let's Talk About Love Wild wild water
63%
In The Garden Of Venus Locomotion tango
59%
The 1st Album One in a million
56%
In The Middle Of Nowhere Sweet little Sheila
56%
Let's Talk About Love With a little love
56%
Romantic Warriors Arabian gold
53%
The Final Album: The Ultimate Best Of | Year of the dragon China in her eyes
53%
Year of the dragon China in her eyes ft. Eric Singleton
53%
Let's Talk About Love Don't give up
53%
Romantic Warriors Don't worry
53%
In The Middle Of Nowhere In shaire
53%
In The Garden Of Venus It's Christmas
53%
Ready For Romance Save me-don't break me
53%
The 1st Album The night is yours-the night is mine
53%
Alone | The Final Album: The Ultimate Best Of You are not alone
53%
Ready For Romance Angie's heart
50%
Back For Good Angie's heart' 98
50%
In The Middle Of Nowhere Give me peace on earth
50%
The Final Album: The Ultimate Best Of Give me peace on Earth
50%
Back For Good Give me peace on earth' 98
50%
Let's Talk About Love Just like an angel
50%
Romantic Warriors Like a hero
50%
In The Middle Of Nowhere Lonely tears in Chinatown
50%
Year of the dragon No face, no name, no number
50%
In The Garden Of Venus A telegram to your heart
47%
Romantic Warriors Charlene
47%
In The Garden Of Venus Don't lose my number
47%
Ready For Romance Keep love alive
47%
Ready For Romance Only love can break my heart
47%
In The Middle Of Nowhere Princess of the night
47%
In The Middle Of Nowhere Riding on a white swan
47%
In The Garden Of Venus Slow motion
47%
In The Middle Of Nowhere The angels sing in New York City
47%
Romantic Warriors You and me
47%
Romantic Warriors Operator gimme 609
44%
In The Middle Of Nowhere Ten thousand lonely drums
44%
Romantic Warriors We still have dreams
44%
In The Garden Of Venus Who will save the world
44%
Let's Talk About Love Why did you do it just tonight
44%
Let's Talk About Love You're the lady of my heart
44%
America America
41%
America | The Final Album: The Ultimate Best Of Last exit to Brooklyn
41%
Let's Talk About Love Love don't live here anymore
41%
In The Middle Of Nowhere Stranded in the middle of nowhere
41%
America | The Final Album: The Ultimate Best Of Win the race
41%
Romantic Warriors Blinded by your love
38%
In The Garden Of Venus Good girls go to heaven-bad girls go to everywhere
38%
The Final Album: The Ultimate Best Of | Victory Juliet
38%
The Final Album: The Ultimate Best Of | Universe TV makes the superstar
38%
In The Garden Of Venus Don't let it get you down
34%
The Final Album: The Ultimate Best Of | Victory Ready for the victory
34%
America Witchqueen of Eldorado
34%
America From coast to coast
25%
America Maria
25%
Alone Rouge et noir
25%
Universe Should I, Would I, Could I
25%
Alone Space mix
25%
Universe Superstar
25%
The Final Album: The Ultimate Best Of | Year of the dragon Don't take away my heart
22%
Victory If I...
22%
Universe Knocking on my door
22%
Universe Mystery
22%
Year of the dragon Part time lover
22%
America Run to you
22%
Back For Good Anything is possible
19%
Year of the dragon Avec toi
19%
Universe Blackbird
19%
America Cinderella girl
19%
Year of the dragon Cosmic girl
19%
Alone Don't let me go
19%
Year of the dragon Fly to the moon
19%
Year of the dragon I'll never fall in love again
19%
Victory Mrs. Robota
19%
America SMS to my heart
19%
Alone Taxi girl
19%
Year of the dragon After your love is gone
16%
Alone Can't get enough
16%
Universe Heart of an angel
16%
Victory Higher than heaven
16%
Alone I'll never give you up
16%
Universe I'm no Rockefeller
16%
Year of the dragon It's your smile
16%
Alone Just close your eyes
16%
Year of the dragon Love is forever
16%
Alone Love is like a rainbow
16%
Universe Who will be there
16%
Victory You're not Lisa
16%
Alone All i have
13%
Year of the dragon Can't let you go
13%
Back For Good Don't play with my heart
13%
Alone For always and ever
13%
Year of the dragon Girl out of my dreams
13%
Alone I can't give you more
13%
Year of the dragon I'm not guilty
13%
Back For Good I will follow you
13%
Universe Life is too short
13%
Victory Love to love you
13%
Year of the dragon My lonely girl
13%
America New York City girl
13%
Back For Good No.1 hit Medley
13%
America Rain in my heart
13%
Victory Summer in december
13%
Year of the dragon Time is on my side
13%
Year of the dragon Walking in the rain of Paris
13%
Victory When the sky rained fire
13%
America Why does it feel so good
13%
Alone Don't let me down
9%
Universe Everybody needs somebody
9%
America For a life time
9%
Alone How you mend a broken heart
9%
Alone I'm so much in love
9%
America There's something in the air
9%
Back For Good We take a chance
9%
Victory 10 seconds to countdown
6%
Victory Blue eyed colored girl
6%
Year of the dragon Fight for the right love
6%
Victory I'm gonna be strong
6%
America I need you now
6%
Universe Nothing but the truth
6%
America Send me a letter from heaven
6%
Victory Don't make a blue
0%
Alone It hurts too good
0%
Victory We are the children of the World
0%
Victory Who will you love like I do
0%
No matching quizzes found
Score Distribution
Percent of People with Each Score
Percentile by Number Answered
Your Score History
You have not taken this quiz